Statistiken für Nenne die Erfindung

Klicken Sie hier um das Quiz zu spielen!

Allgemein

  • Dieses Quiz wurde 158 mal gespielt
  • Das Durchschnittsergebnis liegt bei 4 aus 8

Antwortstatistiken

JahrErfinderErfindung% Korrekt
1886Carl Friedrich BenzAutomobil
96%
1455Johannes GutenbergBuchdruck
93%
1879Thomas Alva EdisonGlühbirne
93%
1876Alexander Graham BellTelefon
72%
1886Nikola TeslaWechselstrom
21%
1904Guglielmo MarconiRadio
17%
1712Thomas NewcomenDampfmaschine
13%
1804Richard TrevithickDampflokomotive
9%

Verteilung der Resultate

Perzentil nach korrekt beantworteten Fragen

Anzahl Personen mit jedem Resultat

Ihre Resultats-Entwicklung

Sie haben dieses Quiz noch nicht gespielt